[Event "14. Deizisauer Herbstopen 2019"]
[Site "Deizisau"]
[Date "2019.10.26"]
[Round "2.2"]
[White "Krassowizkij, Jaroslaw"]
[Black "Chassard, Cedric"]
[Result "1-0"]
[WhiteElo "2436"]
[BlackElo "1929"]
[Annotator "ChessBase"]
[PlyCount "97"]
[EventDate "2019.10.25"]
[EventType "swiss"]
[EventCountry "GER"]
[SourceTitle "playchess.com"]
[Source "ChessBase"]
[SourceQuality "1"]
[TimeControl "5400+30"]

1. c4 {[%emt 0:00:00]} Nf6 {[%emt 0:00:00]} 2. g3 {[%emt 0:00:00]} e6 {[%emt 0:00:00]} 3. Bg2 {[%emt 0:00:28]} d5 {[%emt 0:00:04]} 4. Nf3 {[%emt 0:00:06]} Be7 {[%emt 0:00:33]} 5. O-O {[%emt 0:00:10]} O-O {[%emt 0:00:07]} 6. d4 {[%emt 0:00:39]} c5 {[%emt 0:00:48]} 7. cxd5 {[%emt 0:00:26]} Nxd5 {[%emt 0:00:14]} 8. e4 {[%emt 0:05:20]} Nf6 {[%emt 0:01:29]} 9. Nc3 {[%emt 0:00:29]} cxd4 {[%emt 0:04:50]} 10. Nxd4 {[%emt 0:00:06]} e5 {[%emt 0:00:44]} 11. Nb3 {[%emt 0:02:22]} Qxd1 {[%emt 0:09:04]} 12. Rxd1 {[%emt 0:00:06]} Rd8 {[%emt 0:01:45]} 13. Be3 {[%emt 0:02:17]} Bg4 {[%emt 0:03:25]} 14. Rdc1 {[%emt 0:06:30]} Nc6 {[%emt 0:01:23]} 15. Nd5 {[%emt 0:00:09]} Kf8 {[%emt 0:10:09]} 16. h3 {[%emt 0:03:32]} Be6 {[%emt 0:02:40]} 17. Nc5 {[%emt 0:00:05]} Bxc5 {[%emt 0:09:30]} 18. Bxc5+ {[%emt 0:00:19]} Kg8 {[%emt 0:00:16]} 19. Nc7 {[%emt 0:02:33]} Rac8 {[%emt 0:00:30]} 20. Nxe6 {[%emt 0:00:09]} fxe6 {[%emt 0:00:02]} 21. Be3 {[%emt 0:00:40]} Nd4 {[%emt 0:04:35]} 22. Rxc8 {[%emt 0:04:54]} Rxc8 {[%emt 0:00:27]} 23. Rd1 {[%emt 0:02:44]} Rc2 {[%emt 0:04:31]} 24. Bxd4 {[%emt 0:03:34]} exd4 {[%emt 0:00:43]} 25. Rxd4 {[%emt 0:00:04]} Rxb2 {[%emt 0:00:17]} 26. e5 {[%emt 0:00:04]} Ne8 {[%emt 0:05:41]} 27. a4 {[%emt 0:08:39]} Kf8 {[%emt 0:05:29]} 28. Rd7 {[%emt 0:00:18]} Rb4 {[%emt 0:00:36]} 29. Rxb7 {[%emt 0:02:20]} Rxa4 {[%emt 0:00:52]} 30. Bc6 {[%emt 0:00:12]} Rc4 {[%emt 0:03:40]} 31. Bxe8 {[%emt 0:00:10]} Kxe8 {[%emt 0:00:10]} 32. Rxg7 {[%emt 0:00:07]} a5 {[%emt 0:01:41]} 33. Rxh7 {[%emt 0:00:14]} Re4 {[%emt 0:00:09]} 34. f4 {[%emt 0:00:44]} Re2 {[%emt 0:00:40]} 35. Ra7 {[%emt 0:00:29]} Ra2 {[%emt 0:00:32]} 36. h4 {[%emt 0:03:30]} Kf8 {[%emt 0:01:46]} 37. h5 {[%emt 0:00:21]} Kg8 {[%emt 0:01:58]} 38. Re7 {[%emt 0:02:39]} a4 {[%emt 0:01:00]} 39. Rxe6 {[%emt 0:00:11]} a3 {[%emt 0:00:28]} 40. Ra6 {[%emt 0:00:06]} Kg7 {[%emt 0:00:31]} 41. g4 {[%emt 0:00:24]} Ra1+ {[%emt 0:01:00]} 42. Kg2 {[%emt 0:00:09]} Ra2+ {[%emt 0:00:08]} 43. Kg3 {[%emt 0:00:08]} Ra1 {[%emt 0:00:05]} 44. Kh4 {[%emt 0:00:25]} a2 {[%emt 0:00:39]} 45. Kg5 {[%emt 0:00:05]} Kf7 {[%emt 0:00:22]} 46. f5 {[%emt 0:00:06]} Kg7 {[%emt 0:00:09]} 47. Ra7+ {[%emt 0:00:05]} Kf8 {[%emt 0:00:28]} 48. Kf6 {[%emt 0:00:11]} Ke8 {[%emt 0:00:14]} 49. e6 {[%emt 0:00:07]} 1-0

[Event "14. Deizisauer Herbstopen 2019"]
[Site "Deizisau"]
[Date "2019.10.26"]
[Round "2.3"]
[White "Scharrer, Udo"]
[Black "Frolik, Erhard"]
[Result "0-1"]
[WhiteElo "2012"]
[BlackElo "2317"]
[Annotator "ChessBase"]
[PlyCount "68"]
[EventDate "2019.10.25"]
[EventType "swiss"]
[EventCountry "GER"]
[SourceTitle "playchess.com"]
[Source "ChessBase"]
[SourceQuality "1"]
[TimeControl "5400+30"]

1. d4 {[%emt 0:00:00]} Nf6 {[%emt 0:00:00]} 2. c4 {[%emt 0:00:00]} c6 {[%emt 0:00:06]} 3. Nf3 {[%emt 0:00:13]} d5 {[%emt 0:00:06]} 4. e3 {[%emt 0:00:16]} Bf5 {[%emt 0:01:47]} 5. Nc3 {[%emt 0:00:45]} a6 {[%emt 0:00:32]} 6. Qb3 {[%emt 0:04:16]} b5 {[%emt 0:01:05]} 7. cxd5 {[%emt 0:01:05]} cxd5 {[%emt 0:04:58]} 8. a4 {[%emt 0:01:20]} b4 {[%emt 0:04:50]} 9. Qxb4 {[%emt 0:04:47]} Nc6 {[%emt 0:01:15]} 10. Qb3 {[%emt 0:03:44]} Rb8 {[%emt 0:00:39]} 11. Qd1 {[%emt 0:06:09]} Nb4 {[%emt 0:00:14]} 12. e4 {[%emt 0:05:46]} Nxe4 {[%emt 0:00:19]} 13. Bf4 {[%emt 0:02:20]} Nxc3 {[%emt 0:01:04]} 14. bxc3 {[%emt 0:00:54]} Nc2+ {[%emt 0:00:25]} 15. Kd2 {[%emt 0:00:18]} e5 {[%emt 0:07:22]} 16. Bxe5 {[%emt 0:04:47]} Bd6 {[%emt 0:01:38]} 17. Rb1 {[%emt 0:09:00]} Rxb1 {[%emt 0:07:06]} 18. Qxb1 {[%emt 0:00:10]} Nxd4 {[%emt 0:10:57]} 19. Bd3 {[%emt 0:02:04]} Nxf3+ {[%emt 0:01:45]} 20. gxf3 {[%emt 0:00:10]} Bxd3 {[%emt 0:01:50]} 21. Qxd3 {[%emt 0:00:44]} Bxe5 {[%emt 0:00:46]} 22. Re1 {[%emt 0:00:33]} O-O {[%emt 0:14:33]} 23. Rxe5 {[%emt 0:00:23]} Qh4 {[%emt 0:02:01]} 24. Ke3 {[%emt 0:04:16]} Qxa4 {[%emt 0:01:43]} 25. Qxd5 {[%emt 0:03:13]} h6 {[%emt 0:02:29]} 26. Re4 {[%emt 0:09:06]} Qa1 {[%emt 0:02:30]} 27. c4 {[%emt 0:03:04]} Qe1+ {[%emt 0:05:32]} 28. Kd3 {[%emt 0:00:29]} Qxf2 {[%emt 0:00:21]} 29. Re2 {[%emt 0:00:22]} Qh4 {[%emt 0:00:45]} 30. Kc3 {[%emt 0:01:40]} Rd8 {[%emt 0:01:13]} 31. Qe5 {[%emt 0:01:03]} Rc8 {[%emt 0:03:53]} 32. Qd4 {[%emt 0:03:16]} Qh5 {[%emt 0:03:16]} 33. Qg4 {[%emt 0:01:21]} Qa5+ {[%emt 0:00:16]} 34. Kd3 {[%emt 0:01:03]} Rd8+ {[%emt 0:01:31] Kd4} 0-1

[Event "14. Deizisauer Herbstopen 2019"]
[Site "Deizisau"]
[Date "2019.10.26"]
[Round "2.4"]
[White "Heck, Nils"]
[Black "Gustain, Marc"]
[Result "0-1"]
[WhiteElo "1999"]
[BlackElo "2179"]
[Annotator "ChessBase"]
[PlyCount "94"]
[EventDate "2019.10.25"]
[EventType "swiss"]
[EventCountry "GER"]
[SourceTitle "playchess.com"]
[Source "ChessBase"]
[SourceQuality "1"]
[TimeControl "5400+30"]

1. d4 {[%emt 0:00:00]} d5 {[%emt 0:00:00]} 2. c4 {[%emt 0:00:00]} dxc4 {[%emt 0:00:00]} 3. e4 {[%emt 0:00:00]} Nc6 {[%emt 0:00:26]} 4. d5 {[%emt 0:00:19]} Ne5 {[%emt 0:00:16]} 5. Bf4 {[%emt 0:00:59]} Ng6 {[%emt 0:01:06]} 6. Be3 {[%emt 0:01:27]} e6 {[%emt 0:01:26]} 7. Bxc4 {[%emt 0:03:23]} Nf6 {[%emt 0:06:02]} 8. Nc3 {[%emt 0:07:00]} exd5 {[%emt 0:01:26]} 9. Bxd5 {[%emt 0:18:36]} Bd6 {[%emt 0:06:17]} 10. Nf3 {[%emt 0:17:39]} O-O {[%emt 0:01:14]} 11. Qd4 {[%emt 0:24:14]} Nxd5 {[%emt 0:04:30]} 12. exd5 {[%emt 0:01:26]} Re8 {[%emt 0:04:12]} 13. O-O {[%emt 0:01:22]} Ne5 {[%emt 0:03:34]} 14. Nxe5 {[%emt 0:01:13]} Bxe5 {[%emt 0:00:41]} 15. Qc4 {[%emt 0:01:18]} a6 {[%emt 0:03:01]} 16. a4 {[%emt 0:01:41]} Bf5 {[%emt 0:03:46]} 17. Rfe1 {[%emt 0:08:19]} Qd6 {[%emt 0:04:56]} 18. g3 {[%emt 0:01:54]} Qf6 {[%emt 0:10:32]} 19. Bf4 {[%emt 0:01:28]} Bd6 {[%emt 0:05:15]} 20. Bxd6 {[%emt 0:01:25]} Qxd6 {[%emt 0:00:45]} 21. Rad1 {[%emt 0:01:02]} Rad8 {[%emt 0:02:08]} 22. b4 {[%emt 0:01:20]} h6 {[%emt 0:01:06]} 23. a5 {[%emt 0:00:40]} Qd7 {[%emt 0:03:06]} 24. Qc5 {[%emt 0:03:14]} Bg4 {[%emt 0:01:00]} 25. Rc1 {[%emt 0:00:31]} Bf3 {[%emt 0:00:47]} 26. Re3 {[%emt 0:01:28]} Rxe3 {[%emt 0:06:02]} 27. fxe3 {[%emt 0:00:15]} Re8 {[%emt 0:01:34]} 28. e4 {[%emt 0:00:46]} Bxe4 {[%emt 0:04:26]} 29. Re1 {[%emt 0:00:15]} f5 {[%emt 0:06:41]} 30. Qc4 {[%emt 0:00:17]} Qd6 {[%emt 0:02:29]} 31. Nxe4 {[%emt 0:00:18]} fxe4 {[%emt 0:00:02]} 32. Rxe4 {[%emt 0:00:14]} Rd8 {[%emt 0:00:09]} 33. Rd4 {[%emt 0:00:44]} Kh8 {[%emt 0:01:02]} 34. b5 {[%emt 0:01:06]} axb5 {[%emt 0:01:13]} 35. Qxb5 {[%emt 0:00:05]} Qe5 {[%emt 0:00:36]} 36. Qd3 {[%emt 0:01:10]} Qe1+ {[%emt 0:00:33]} 37. Kg2 {[%emt 0:00:27]} Qxa5 {[%emt 0:00:03]} 38. d6 {[%emt 0:00:49]} Qa2+ {[%emt 0:01:13]} 39. Kf3 {[%emt 0:00:10]} Qf7+ {[%emt 0:02:02]} 40. Kg2 {[%emt 0:00:18]} Rxd6 {[%emt 0:02:14]} 41. Rxd6 {[%emt 0:00:09]} cxd6 {[%emt 0:00:05]} 42. Qxd6 {[%emt 0:00:07]} Qa2+ {[%emt 0:00:23]} 43. Kf3 {[%emt 0:00:35]} Qb1 {[%emt 0:00:39]} 44. Ke3 {[%emt 0:00:57]} b5 {[%emt 0:00:21]} 45. h3 {[%emt 0:01:01]} b4 {[%emt 0:00:21]} 46. g4 {[%emt 0:00:27]} b3 {[%emt 0:00:48]} 47. h4 {[%emt 0:00:47]} b2 {[%emt 0:00:36]} 0-1

[Event "14. Deizisauer Herbstopen 2019"]
[Site "Deizisau"]
[Date "2019.10.26"]
[Round "2.5"]
[White "Hoffmann, Achim Gunter"]
[Black "Engbrecht, Helmut"]
[Result "1-0"]
[WhiteElo "2125"]
[BlackElo "1978"]
[Annotator "TA"]
[PlyCount "45"]
[EventDate "2019.10.25"]
[EventType "swiss"]
[EventCountry "GER"]
[SourceTitle "playchess.com"]
[Source "ChessBase"]
[SourceQuality "1"]

{[%evp 17,45,-90,-39,-120,-111,-100,-45,-44,0,-27,-19,-36,395,395,441,442,440,425,609,593,637,620,618,645,637,627,1178,1182,1372,1361]} 1. e4 g6 2. d4 Bg7 3. Nc3 d6 4. Bc4 Nf6 5. Qe2 Nc6 {[%cal Bb8c6,Bc6d4,Bd4e2][%mdl 32]} 6. e5 Nxd4 7. exf6 Nxe2 8. fxg7 Rg8 9. Ngxe2 Rxg7 ({Black should play} 9... e6 $17) 10. Bg5 {B07: Pirc Defence: Miscellaneous Systems} ({White should try} 10. Bh6 $15 Rg8 11. O-O-O) (10. Bh6 Rg8 11. O-O-O e6 12. h4 Qf6 13. Ne4 Qe5 14. N2c3 d5 15. Bxd5 exd5 16. Nxd5 f5 17. Nef6+ Kf7 18. Rhe1 Qxe1 19. Rxe1 Be6 20. Nxc7 Rac8 21. Nxg8 Rxc7 22. Bf4 {1-0 (22) Bagrationi,A (2485)-Skorchenko,D (2487) Dombai 2014}) 10... c6 11. O-O-O b5 $146 (11... Qa5 $17 12. h4 h5) ({Predecessor:} 11... Qa5 12. Bh6 Rg8 13. Nd4 Qh5 14. Be3 g5 15. h3 e5 16. Nf3 g4 17. Ne4 Rg6 {1-0 (46) Vasiesiu,C (2155)-Olarasu,G (2355) Eforie Nord 1997}) 12. Bb3 $15 {Black is slightly better.} a5 {White must now prevent ...h6!} (12... h6 $5 13. Bxh6 Rh7 $11) 13. a4 (13. Nd4 $5 {[%cal Rd4c6]} Bb7 14. Bh6 $11) 13... b4 14. Ne4 {Nxd6+! is the strong threat.} Bf5 $2 {[%mdl 8192] [#]} (14... d5 $15 {stays ahead.}) 15. Nxd6+ $1 $18 {[%mdl 512]} Qxd6 (15... exd6 16. Bxd8) 16. Rxd6 {White is clearly winning.} exd6 17. Nd4 h6 (17... Kd7 $142 18. Bh6 Rag8) 18. Re1+ Kd7 19. Re7+ Kc8 20. Bxh6 Rh7 21. Bf4 c5 22. Nxf5 gxf5 23. Re8+ {Accuracy: White = 64%, Black = 18%.} 1-0

[Event "14. Deizisauer Herbstopen 2019"]
[Site "Deizisau"]
[Date "2019.10.26"]
[Round "2.6"]
[White "Mock, Oskar"]
[Black "Marquardt, Alexander"]
[Result "1/2-1/2"]
[WhiteElo "1983"]
[BlackElo "2125"]
[Annotator "TA"]
[PlyCount "31"]
[EventDate "2019.10.25"]
[EventType "swiss"]
[EventCountry "GER"]
[SourceTitle "playchess.com"]
[Source "ChessBase"]
[SourceQuality "1"]

{[%evp 14,31,0,21,111,22,41,22,18,11,75,43,49,16,23,18,147,149,145,91]} 1. e4 c5 2. Nc3 Nc6 3. f4 d6 4. Bb5 Bd7 5. Nf3 g6 6. O-O Bg7 7. d3 e6 8. f5 Nd4 {B23: Closed Sicilian: Lines without g3} (8... Nf6 $11 {keeps the balance.}) (8... exf5 9. exf5 Bxf5 10. Bg5 f6 11. Bf4 Nge7 12. Ne4 Nc8 13. Ng3 Bd7 14. Bc4 Ne5 15. Bb3 Qb6 16. Kh1 {½-½ (31) Efimenko,Z (2644)-Antipov,M (2520) Doha 2014}) 9. fxe6 (9. Bg5 $16 Qc8 10. fxe6 Nxe6 11. Bc4) 9... Nxe6 $11 10. Bxd7+ $146 ({Predecessor:} 10. Qe1 Bxb5 11. Nxb5 Ne7 12. Qg3 Nc8 13. Kh1 O-O 14. Nc3 Ne7 15. Rb1 Rc8 16. Ng5 Nxg5 17. Bxg5 {½-½ (36) Navarrete Delgado,S (2260)-Cortes Bueno,J (2198) Navarra 2016}) 10... Qxd7 {The position is equal.} 11. Ng5 Nd8 (11... Nf6 $11) 12. Nh3 Nf6 13. Nf4 O-O 14. Nfd5 Ng4 {[#]} (14... Nxd5 $11 15. Nxd5 Nc6) 15. h3 $1 $16 {[%cal Rh3g4]} Ne5 {[#]} ({Don't blunder} 15... Bd4+ $2 16. Kh1 $18) 16. Bh6 {Accuracy: White = 42%, Black =  3%.} (16. Nf6+ $142 $1 Bxf6 17. Rxf6) 1/2-1/2

[Event "14. Deizisauer Herbstopen 2019"]
[Site "Deizisau"]
[Date "2019.10.26"]
[Round "2.7"]
[White "Doeserich, Juergen"]
[Black "Reimche, Vadim"]
[Result "1-0"]
[WhiteElo "1975"]
[BlackElo "2080"]
[Annotator "NA"]
[PlyCount "77"]
[EventDate "2019.10.25"]
[EventType "swiss"]
[EventCountry "GER"]
[SourceTitle "playchess.com"]
[Source "ChessBase"]
[SourceQuality "1"]
[TimeControl "5400+30"]

{[%evp 16,76,46,34,56,-18,47,50,120,125,154,151,159,155,167,175,160,170,168,168,167,149,164,175,166,200,209,191,197,244,477,552,32767,32767,32767,32767,32767,32767,32767,32767,32767,32767,615,32767,32767,520,508,32767,32767,705,32767,479,32767,32767,29991,32767,32767,32767,32767,32767,32767,29998,29998]} 1. d4 {[%emt 0:00:00]} Nf6 {[%emt 0:00:00]} 2. c4 {[%emt 0:00:00]} c5 {[%emt 0:00:00]} 3. d5 {[%emt 0:00:00]} e6 {[%emt 0:00:00]} 4. Nc3 {[%emt 0:00:58]} exd5 {[%emt 0:00:02]} 5. cxd5 {[%emt 0:00:15]} d6 {[%emt 0:00:06]} 6. Nf3 {[%emt 0:00:30]} g6 {[%emt 0:00:13]} 7. Bf4 {[%emt 0:00:37]} a6 {[%emt 0:00:27]} 8. a4 {[%emt 0:00:21]} Bg7 {[%emt 0:00:33]} 9. h3 {[%emt 0:02:42] A61: Modern Benoni: Nf3 without early e4} O-O {[%emt 0:00:21]} 10. Nd2 {[%emt 0:01:45]} (10. Bh2 $14) (10. e3 Ne8 11. Be2 Nd7 12. a5 Qe7 13. O-O Ne5 14. Bxe5 Bxe5 15. Nxe5 Qxe5 16. Qd2 Bd7 17. f4 Qg7 18. Bc4 {½-½ (35) Lysyj,I (2596)-Indjic,A (2628) Mali Losinj 2019}) 10... Re8 {[%emt 0:05:54]} (10... Nh5 $15 11. Bh2 f5) 11. e3 {[%emt 0:04:01]} Nh5 {[%emt 0:03:58]} (11... Nfd7 $14) 12. Bh2 {[%emt 0:01:02]} f5 {[%emt 0:05:50]} 13. Be2 {[%emt 0:03:04]} Nf6 {[%emt 0:08:54]} 14. Nc4 {[%emt 0:07:21]} Bf8 {[%emt 0:07:39]} 15. a5 $146 {[%emt 0:01:27]} ({Predecessor:} 15. O-O Qc7 16. a5 Nbd7 17. Na4 Ne5 18. Nab6 {1-0 (46) Simantsev,M (2451)-Vorobjov,D (2164) Moscow 2014}) 15... Qc7 {[%emt 0:03:00]} 16. Nb6 {[%emt 0:04:56]} Ra7 {[%emt 0:00:22]} 17. O-O {[%emt 0:01:01]} Ne4 {[%emt 0:05:51]} 18. Qc2 {[%emt 0:10:03]} Nd7 {[%emt 0:05:09]} 19. Nca4 {[%emt 0:12:24]} Ne5 {[%emt 0:07:10] [#]} 20. b4 $1 {[%emt 0:10:27]} Bd7 {[%emt 0:07:24]} 21. Rfc1 {[%emt 0:03:13]} Bxa4 {[%emt 0:04:12]} 22. Qxa4 {[%emt 0:00:43]} Re7 $2 {[%emt 0:04:52]} (22... Qd8 23. f3 Nf6) 23. f3 {[%emt 0:04:25]} Nf6 {[%emt 0:06:03]} 24. bxc5 {[%emt 0:02:46]} dxc5 {[%emt 0:10:47]} 25. d6 {[%emt 0:01:07]} Qxd6 {[%emt 0:00:17]} 26. Nc8 {[%emt 0:00:42]} Qb8 {[%emt 0:00:29]} 27. Nxe7+ {[%emt 0:02:32]} Bxe7 {[%emt 0:00:10]} 28. Rab1 {[%emt 0:04:15]} Bd6 {[%emt 0:01:29]} 29. Bxe5 {[%emt 0:01:42]} Bxe5 {[%emt 0:00:22]} 30. Qc4+ {[%emt 0:00:26]} Kg7 {[%emt 0:00:33]} 31. Qxc5 {[%emt 0:00:38]} f4 {[%emt 0:08:10]} 32. Rb6 {[%emt 0:03:30]} Kh6 {[%emt 0:01:28]} 33. Qe7 {[%emt 0:02:43]} (33. Re6 $142) 33... Nh5 {[%emt 0:01:21]} 34. Rc5 {[%emt 0:02:42]} Ng3 {[%emt 0:03:10]} 35. Rxe5 {[%emt 0:03:20]} Nxe2+ {[%emt 0:00:15]} 36. Kf2 {[%emt 0:00:37]} Ng3 {[%emt 0:00:37]} 37. Qh4+ {[%emt 0:00:20]} Kg7 {[%emt 0:00:03]} 38. Re7+ {[%emt 0:00:24]} Kf8 {[%emt 0:00:09]} 39. Qf6+ {[%emt 0:00:09]} 1-0

[Event "14. Deizisauer Herbstopen 2019"]
[Site "Deizisau"]
[Date "2019.10.26"]
[Round "2.8"]
[White "Kraft, Julian"]
[Black "Coellen, Eike"]
[Result "1-0"]
[WhiteElo "2062"]
[BlackElo "1954"]
[Annotator "NA"]
[PlyCount "99"]
[EventDate "2019.10.25"]
[EventType "swiss"]
[EventCountry "GER"]
[SourceTitle "playchess.com"]
[Source "ChessBase"]
[SourceQuality "1"]
[TimeControl "5400+30"]

{[%evp 8,92,16,14,52,32767,32767,33,32767,18,36,-2,24,4,13,0,30,37,36,22,65,63,62,3,189,91,102,135,491,511,712,698,651,663,32767,32767,32767,329,32767,32767,300,31,41,32767,29975,-395,-218,32767,32767,32767,32767,-514,32767,32767,32767,32767,32767,32767,32767,32767,-682,32767,32767,-799,-868,32767,32767,-1051,-1096,-1081,32767,32767,-625,32767,32767,32767,32767,32767,32767,32767,32767,32767,32767,32767,32767,32767,29995]} 1. e4 {[%emt 0:00:00]} c5 {[%emt 0:00:00]} 2. Nc3 {[%emt 0:00:00]} Nc6 {[%emt 0:00:00]} 3. Nf3 {[%emt 0:00:00]} e6 {[%emt 0:00:00]} 4. d4 {[%emt 0:00:00]} cxd4 {[%emt 0:00:00]} 5. Nxd4 {[%emt 0:00:00]} Qc7 {[%emt 0:00:04]} 6. g3 {[%emt 0:03:33]} a6 {[%emt 0:02:30]} 7. Bg2 {[%emt 0:01:28]} Nf6 {[%emt 0:00:38]} 8. O-O {[%emt 0:02:56]} Be7 {[%emt 0:03:26]} 9. Kh1 {[%emt 0:04:55]} O-O {[%emt 0:04:21]} 10. f4 {[%emt 0:06:07]} d6 {[%emt 0:00:59]} 11. Be3 {[%emt 0:08:15]} Bd7 {[%emt 0:02:38]} 12. Nb3 {[%emt 0:12:57] B80: Sicilian Scheveningen: 6 g3 and 6 Be3, including English Attack} Rac8 {[%emt 0:03:01]} (12... b5 13. g4 b4 14. Na4 d5 15. Nb6 Rad8 16. exd5 Nxd5 17. Nxd5 exd5 18. Qf3 Na5 19. Nxa5 Qxa5 {½-½ (31) Guseinov,G (2609)-Mchedlishvili,M (2656) Tbilisi 2012}) 13. g4 {[%emt 0:07:13]} Na5 {[%emt 0:08:33]} 14. g5 $146 {[%emt 0:17:15]} ({Predecessor:} 14. Nxa5 Qxa5 15. g5 Ne8 16. Qe1 g6 17. Nd5 Qd8 18. Bb6 Nc7 19. Nxc7 Rxc7 20. Qa5 {1-0 (20) Quinonero Simon,J (2105)-Robles Sanchez,A Barcelona 2000}) 14... Ne8 {[%emt 0:02:12]} 15. Qh5 {[%emt 0:04:01]} f5 $2 {[%emt 0:08:48]} (15... g6 $11 {and Black has nothing to worry.} 16. Qh6 Nxb3 17. cxb3 (17. axb3 f5 $11) 17... f5) 16. exf5 {[%emt 0:01:41]} (16. gxf6 $1 $18 Bd8 17. e5 Nxb3 18. axb3) 16... Rxf5 {[%emt 0:01:49] [#]} 17. Nd4 $1 {[%emt 0:04:39]} Rf8 $2 {[%emt 0:05:04] [#]} (17... g6 $16 18. Qh3 (18. Nxf5 gxh5 19. Nxe7+ Kf8 $16) 18... Ng7) 18. f5 $1 {[%emt 0:10:43]} exf5 {[%emt 0:09:50]} 19. Bd5+ {[%emt 0:07:05]} Kh8 {[%emt 0:00:18]} 20. Rf3 {[%emt 0:01:19]} ({Less strong is} 20. g6 Nf6 $14) 20... g6 {[%emt 0:05:51]} 21. Qh6 {[%emt 0:00:38]} Ng7 {[%emt 0:01:22] [#]} 22. Ndb5 $2 {[%emt 0:03:09]} (22. Rh3 $1 {[%mdl 512] mates} Nh5 23. Rxh5 gxh5 24. g6 Rf7 25. Bxf7 Qc6+ 26. Nxc6 Bxc6+ {[#]} 27. Kg1 $1 {[%mdl 512]} h4 28. Qxh7#) 22... Bxg5 {[%emt 0:06:32]} 23. Qxg5 {[%emt 0:00:24]} axb5 {[%emt 0:01:58] [#]} 24. Rh3 $2 {[%emt 0:01:14]} (24. Qh6 $1 $18 {[%mdl 512]} f4 {[#]} 25. Bd4 $1 {[%mdl 512]} (25. Rxf4 Rxf4 26. Qxf4 Nc4 $11) (25. Bxf4 Nf5 $17)) 24... f4 $1 {[%emt 0:04:04]} 25. Rh6 {[%emt 0:01:56]} Nf5 $2 {[%emt 0:05:54] [#]} (25... Bf5 $14 26. Qxf4 Ne6) 26. Qxg6 $4 {[%emt 0:00:19]} ({Don't go for} 26. Qxf4 $2 Nc4 $19) (26. Qe7 $1 {[%mdl 512] mates} Be6 (26... Nxe7 27. Bd4+) 27. Rxh7+ Kg8 28. Bxe6+ Rf7 29. Rxf7 Qxe7 30. Rxe7+ Kh8 31. Bxf5 fxe3 32. Bxc8) 26... Bc6 {[%emt 0:00:45]} 27. Bb6 {[%emt 0:01:10]} Qe7 {[%emt 0:01:25]} 28. Rg1 {[%emt 0:00:30]} Nc4 {[%emt 0:04:44]} 29. Bxc6 {[%emt 0:00:29]} bxc6 {[%emt 0:00:19]} 30. Bf2 {[%emt 0:00:30]} Nxh6 {[%emt 0:00:22]} 31. Bd4+ {[%emt 0:00:21]} Ne5 {[%emt 0:00:21]} 32. Qxh6 {[%emt 0:00:02]} c5 {[%emt 0:00:59]} 33. Bf2 {[%emt 0:00:46]} Rg8 {[%emt 0:01:41]} 34. Re1 {[%emt 0:00:51]} Qg5 {[%emt 0:01:56]} 35. Qh3 {[%emt 0:00:16]} (35. Qxg5 $142 Rxg5 36. Bh4) 35... Ng4 {[%emt 0:02:34]} 36. Bh4 {[%emt 0:00:29]} Qf5 {[%emt 0:00:45]} 37. Ne4 {[%emt 0:00:38]} Rcf8 {[%emt 0:02:07]} 38. Qc3+ {[%emt 0:00:19]} Qe5 {[%emt 0:01:50]} 39. Qf3 {[%emt 0:00:31]} Ne3 {[%emt 0:01:04]} 40. a4 {[%emt 0:00:46]} Ng2 {[%emt 0:01:33]} 41. axb5 {[%emt 0:00:31]} Nxe1 {[%emt 0:00:44]} 42. Bxe1 {[%emt 0:00:00]} Re8 {[%emt 0:00:12]} 43. Bc3 {[%emt 0:00:11]} h6 {[%emt 0:01:18]} 44. Qxf4 {[%emt 0:00:22]} Kh7 {[%emt 0:00:55]} 45. Bxe5 {[%emt 0:00:19]} dxe5 {[%emt 0:00:34]} 46. Qf5+ {[%emt 0:00:13]} Kg7 {[%emt 0:00:28]} 47. Nf6 {[%emt 0:00:47]} Ref8 {[%emt 0:00:14]} 48. Nh5+ {[%emt 0:00:01]} Kh8 {[%emt 0:00:23]} 49. Qxe5+ {[%emt 0:00:01]} Kh7 {[%emt 0:00:01]} 50. Nf6+ {[%emt 0:00:14]} 1-0